<?xml version="1.0" encoding="UTF-8"?>
<record
    xmlns:xsi="http://www.w3.org/2001/XMLSchema-instance"
    xsi:schemaLocation="http://www.loc.gov/MARC21/slim http://www.loc.gov/standards/marcxml/schema/MARC21slim.xsd"
    xmlns="http://www.loc.gov/MARC21/slim">

  <leader>01046nab a2200193 i 4500</leader>
  <controlfield tag="001">768714001</controlfield>
  <controlfield tag="003">CO-MdFUSB</controlfield>
  <controlfield tag="005">20240426092428.0</controlfield>
  <controlfield tag="008">240425t1980    us ||||| |||| 00| 0 eng d</controlfield>
  <datafield tag="040" ind1=" " ind2=" ">
    <subfield code="b">spa</subfield>
    <subfield code="c">CO-MdFUSB</subfield>
    <subfield code="d">CO-MdFUSB</subfield>
  </datafield>
  <datafield tag="041" ind1=" " ind2=" ">
    <subfield code="a">eng</subfield>
  </datafield>
  <datafield tag="100" ind1=" " ind2=" ">
    <subfield code="a">Halverson, Richard C.</subfield>
    <subfield code="e">autor</subfield>
  </datafield>
  <datafield tag="245" ind1=" " ind2=" ">
    <subfield code="a">Planting seeds and watching them grow</subfield>
    <subfield code="c">/ Richard C. Halverson</subfield>
  </datafield>
  <datafield tag="300" ind1=" " ind2=" ">
    <subfield code="a">Volumen 1, n&#xFA;mero 4 (fall, 1980), p&#xE1;ginas: 12 - 23</subfield>
    <subfield code="c">; 27 cm</subfield>
  </datafield>
  <datafield tag="520" ind1=" " ind2=" ">
    <subfield code="a">Entrevista al Dr. Richard Halverson,, en la cual explica la importancia de "plantar semillas y verlas crecer".  Adem&#xE1;s,  resalta que en sus a&#xF1;os en la Cuarta Iglesia Presbiteriana en Washington, D.C., lo han convencid  de que el cuidado pastoral proviene de estar con la gente.  Este querido pastor cuenta lo que significa para su ministerio estar con la gente.
</subfield>
  </datafield>
  <datafield tag="650" ind1=" " ind2="7">
    <subfield code="a">Teolog&#xED;a pastoral y unidad cristiana</subfield>
    <subfield code="9">7183</subfield>
  </datafield>
  <datafield tag="773" ind1="0" ind2=" ">
    <subfield code="0">68780</subfield>
    <subfield code="9">82546</subfield>
    <subfield code="o">R2480</subfield>
    <subfield code="t">Leadership : </subfield>
    <subfield code="w">(CO-MdFUSB)768714001</subfield>
    <subfield code="g">Volumen 1, n&#xFA;mero 4 (fall, 1980), p&#xE1;ginas: 12 - 23</subfield>
    <subfield code="q">p&#xE1;gina: 12</subfield>
  </datafield>
  <datafield tag="942" ind1=" " ind2=" ">
    <subfield code="c">ANA</subfield>
  </datafield>
  <datafield tag="999" ind1=" " ind2=" ">
    <subfield code="c">69371</subfield>
    <subfield code="d">69371</subfield>
  </datafield>
</record>
